<?xml version="1.0" encoding="UTF-8"?>
<record
    xmlns:xsi="http://www.w3.org/2001/XMLSchema-instance"
    xsi:schemaLocation="http://www.loc.gov/MARC21/slim http://www.loc.gov/standards/marcxml/schema/MARC21slim.xsd"
    xmlns="http://www.loc.gov/MARC21/slim">

  <leader>01034aab a2200205   4500</leader>
  <controlfield tag="001">768714001</controlfield>
  <controlfield tag="003">CO-MdFUSB</controlfield>
  <controlfield tag="005">20240531123107.0</controlfield>
  <controlfield tag="008">170509s1993    cr ||||| |||| 00| 0 spa d</controlfield>
  <datafield tag="022" ind1=" " ind2=" ">
    <subfield code="a">1409-1968</subfield>
  </datafield>
  <datafield tag="040" ind1=" " ind2=" ">
    <subfield code="a">CO-MdFUSB</subfield>
    <subfield code="b">spa</subfield>
    <subfield code="c">CO-MdFUSB</subfield>
    <subfield code="d">CO-MdFUSB</subfield>
  </datafield>
  <datafield tag="041" ind1=" " ind2=" ">
    <subfield code="a">spa</subfield>
  </datafield>
  <datafield tag="245" ind1="1" ind2="0">
    <subfield code="a">Que prediques la Palabra</subfield>
  </datafield>
  <datafield tag="300" ind1=" " ind2=" ">
    <subfield code="a">Volumen 10. N&#xFA;mero 4 (1993), p&#xE1;ginas 30-32</subfield>
    <subfield code="c">: 27 cm.</subfield>
  </datafield>
  <datafield tag="520" ind1=" " ind2=" ">
    <subfield code="a">Hace veintid&#xF3;s a&#xF1;os, en una reuni&#xF3;n Inter denominacional e internacional de l&#xED;deres religiosos evang&#xE9;licos, le&#xED;mos una ponencia en la que hablamos brevemente de la actitud de los evangelices latinoamericanos hacia las Sagradas Escrituras judeocristianas. pudimos haber dicho solamente cosas positivas al respecto, pero tambi&#xE9;n admitimos que la Biblia estaba todav&#xED;a cerrada en las manos de muchos que profesaban conocerla y creerla.</subfield>
  </datafield>
  <datafield tag="650" ind1=" " ind2="0">
    <subfield code="a">Predicaci&#xF3;n</subfield>
    <subfield code="9">54</subfield>
  </datafield>
  <datafield tag="773" ind1="0" ind2=" ">
    <subfield code="t">Apuntes Pastorales</subfield>
    <subfield code="0">49442</subfield>
    <subfield code="9">60148</subfield>
    <subfield code="g">Volumen 10. N&#xFA;mero 4 (1993), p&#xE1;ginas 30-32 </subfield>
    <subfield code="q">P&#xE1;gina 30</subfield>
  </datafield>
  <datafield tag="942" ind1=" " ind2=" ">
    <subfield code="c">ANA</subfield>
  </datafield>
  <datafield tag="945" ind1=" " ind2=" ">
    <subfield code="a">JTF-925</subfield>
  </datafield>
  <datafield tag="999" ind1=" " ind2=" ">
    <subfield code="c">49770</subfield>
    <subfield code="d">49770</subfield>
  </datafield>
</record>
